NCAA Football Team Names in Spanish - Statistics

General Stats
  • This quiz has been taken 28 times
  • The average score is 30 of 67
Answer Stats
Hint Answer % Correct
Los Diablos del Sol Arizona State Sun Devils
100%
Los Ciclones Iowa State Cyclones
89%
Los Leones de Nittany Penn State Nittany Lions
89%
El Cardenal Stanford Cardinal
89%
Los Hoosiers Indiana Hoosiers
74%
Los Huracanes Miami Hurricanes
74%
Los Tar Heels North Carolina Tar Heels
70%
Los Aggies Texas A&M Aggies
70%
Los Tigres Auburn Tigers
67%
Los Tigres Clemson Tigers
67%
Los Bulldogs Georgia Bulldogs
67%
Los Tigres LSU Tigers
67%
Los Bulldogs Mississippi State Bulldogs
67%
Los Tigres Missouri Tigers
67%
Los Rebeldes Ole Miss Rebels
67%
Los Voluntarios Tennessee Volunteers
67%
Los Diáconos Demoníacos Wake Forest Demon Deacons
67%
Los Cardenales Louisville Cardinals
63%
Los Hokies Virginia Tech Hokies
63%
Los Búfalos Colorado Buffaloes
59%
Los Diablos Azules Duke Blue Devils
59%
Los Jayhawks Kansas Jayhawks
59%
Los Sooners Oklahoma Sooners
59%
Los Utes Utah Utes
59%
Los Seminolas Florida State Seminoles
56%
Los Troyanos USC Trojans
56%
Los Falsos Castaños de Ohio Ohio State Buckeyes
52%
Los Osos Baylor Bears
48%
Los Osos Gatos Cincinnati Bearcats
48%
Los Illini Luchando Illinois Fighting Illini
48%
Los Espartanos Michigan State Spartans
48%
Los Invasores Rojos Texas Tech Red Raiders
48%
Los Comodoros Vanderbilt Commodores
48%
Las Panteras Pittsburgh Panthers
44%
Los Gatos Monteses Arizona Wildcats
41%
Los Osos Dorados California Golden Bears
41%
Los Gatos Monteses Kansas State Wildcats
41%
Los Gatos Monteses Kentucky Wildcats
41%
Las Tortugas de Agua Dulce Maryland Terrapins
41%
La Manada de Lobos North Carolina State Wolfpack
41%
Los Gatos Monteses Northwestern Wildcats
41%
Los Pumas Brigham Young Cougars
33%
Los Caimanes Florida Gators
33%
Los Pumas Houston Cougars
33%
Los Descascarilladores de Maíz Nebraska Cornhuskers
33%
Los Toros de Cuernos Largos Texas Longhorns
33%
Los Vaqueros Oklahoma State Cowboys
30%
Los Caballeros Escarlatas Rutgers Scarlet Knights
30%
El Anaranjado Syracuse Orange
30%
Los Osos Pardos UCLA Bruins
30%
Los Alpinistas West Virginia Mountaineers
30%
Las Ranas Cornudas TCU Horned Frogs
26%
Las Águilas Boston College Eagles
22%
Las Taltuzas Doradas Minnesota Golden Gophers
22%
Los Gallos de Pelea South Carolina Gamecocks
22%
La Marea Carmesí Alabama Crimson Tide
19%
Los Caballeros UCF Knights
19%
Los Perros Esquimales Washington Huskies
19%
Los Ojos de Halcón Iowa Hawkeyes
15%
Los Patos Oregon Ducks
15%
Los Caballos Mesteños SMU Mustangs
15%
Los Jabalíes Arkansas Razorbacks
7%
Las Avispas Georgia Tech Yellowjackets
7%
Los Glotones Michigan Wolverines
7%
Los Caldereros Purdue Boilermakers
7%
Los Tejones Wisconsin Badgers
7%
Los Caballeros Virginia Cavaliers
4%
No matching quizzes found
Score Distribution
Percent of People with Each Score
Percentile by Number Answered
Your Score History
You have not taken this quiz